000
00270 a2200133 4500
001
194992
040
_c
Magnum
100
_a
BARROS, Solange
240
1
0
_a
Cara de quê?
_l
por
245
1
0
_a
Cara de quê?
300
_a
17
697
_a
LITERATURA INFANTIL
942
_c
BK
999
_c
194992
_d
194992